000
00305nam a22001337a 4500
008
171222b xxu||||| |||| 00| 0 eng d
020
_a
1929475004
041
_a
eng
080
_a
616.31
100
_a
5
101
_a
SHM
245
_a
CLINICAL GUIDE TO PROSTHODONTICS
_c
HOFFMAN.J.M
942
_2
udc
_c
BK
999
_c
39321
_d
39321